<?xml version="1.0" encoding="UTF-8"?>
<collection xmlns="http://www.loc.gov/MARC21/slim">
 <record>
  <leader>02206pam a22002778a 4500</leader>
  <controlfield tag="001">00030694</controlfield>
  <controlfield tag="005">20171026081025.0</controlfield>
  <controlfield tag="008">130607s2013                  ||||||viesd</controlfield>
  <datafield tag="020" ind1=" " ind2=" ">
   <subfield code="c">0</subfield>
  </datafield>
  <datafield tag="041" ind1="0" ind2="#">
   <subfield code="a">vie</subfield>
  </datafield>
  <datafield tag="082" ind1="1" ind2="4">
   <subfield code="a">004.07</subfield>
   <subfield code="b">CH561TR</subfield>
  </datafield>
  <datafield tag="245" ind1="1" ind2="0">
   <subfield code="a">Chương trình đào tạo theo học chế tín chỉ ngành kĩ thuật công nghệ thông tin</subfield>
  </datafield>
  <datafield tag="260" ind1="#" ind2="#">
   <subfield code="a">Cần Thơ</subfield>
   <subfield code="b">Đại học Cần Thơ</subfield>
   <subfield code="c">2013</subfield>
  </datafield>
  <datafield tag="300" ind1="#" ind2="#">
   <subfield code="a">228 tr.</subfield>
   <subfield code="c">27 cm.</subfield>
  </datafield>
  <datafield tag="500" ind1="#" ind2="#">
   <subfield code="a">Đầu bìa sách ghi: Bộ Giáo dục và Đào tạo MOET. Ngân hàng phát triển Châu Á ADB. Dự án PT GV THPT&amp;TCCN- Trường Đại học sư phạm kĩ thuật TP.HCM</subfield>
  </datafield>
  <datafield tag="653" ind1="#" ind2="#">
   <subfield code="a">Chương trình đào tạo</subfield>
  </datafield>
  <datafield tag="653" ind1="#" ind2="#">
   <subfield code="a">Học chế tín chỉ</subfield>
  </datafield>
  <datafield tag="653" ind1="#" ind2="#">
   <subfield code="a">Công nghệ thông tin</subfield>
  </datafield>
  <datafield tag="852" ind1="#" ind2="#">
   <subfield code="b">Kho giáo trình</subfield>
   <subfield code="j">KGT.0038922, KGT.0038923, KGT.0038924, KGT.0038925, KGT.0038926, KGT.0038927, KGT.0038928, KGT.0038929, KGT.0038930, KGT.0038931, KGT.0038932, KGT.0038933, KGT.0038934, KGT.0038935, KGT.0038936, KGT.0038937, KGT.0038938, KGT.0038939, KGT.0038940, KGT.0038941, KGT.0038942, KGT.0038943, KGT.0038944, KGT.0038945, KGT.0038946, KGT.0038947, KGT.0038948, KGT.0038949, KGT.0038950, KGT.0038951, KGT.0038952, KGT.0038953, KGT.0038954, KGT.0038955, KGT.0038956, KGT.0038957, KGT.0038958, KGT.0038959, KGT.0038960, KGT.0038961, KGT.0038962, KGT.0038963, KGT.0038964, KGT.0038965, KGT.0038966, KGT.0038967, KGT.0038968</subfield>
  </datafield>
  <datafield tag="852" ind1="#" ind2="#">
   <subfield code="b">Kho mượn</subfield>
   <subfield code="j">KGT.0038922</subfield>
  </datafield>
  <datafield tag="852" ind1="#" ind2="#">
   <subfield code="b">Kho đọc</subfield>
   <subfield code="j">KD.0014620</subfield>
  </datafield>
  <datafield tag="852" ind1="#" ind2="#">
   <subfield code="j">KGT.0038923</subfield>
   <subfield code="j">KGT.0038924</subfield>
   <subfield code="j">KGT.0038959</subfield>
   <subfield code="j">KGT.0038926</subfield>
   <subfield code="j">KGT.0038927</subfield>
   <subfield code="j">KGT.0038928</subfield>
   <subfield code="j">KGT.0038930</subfield>
   <subfield code="j">KGT.0038932</subfield>
   <subfield code="j">KGT.0038933</subfield>
   <subfield code="j">KGT.0038935</subfield>
   <subfield code="j">KGT.0038936</subfield>
   <subfield code="j">KGT.0038938</subfield>
   <subfield code="j">KGT.0038939</subfield>
   <subfield code="j">KGT.0038941</subfield>
   <subfield code="j">KGT.0038942</subfield>
   <subfield code="j">KGT.0038944</subfield>
   <subfield code="j">KGT.0038945</subfield>
   <subfield code="j">KGT.0038947</subfield>
   <subfield code="j">KGT.0038948</subfield>
   <subfield code="j">KGT.0038950</subfield>
   <subfield code="j">KGT.0038953</subfield>
   <subfield code="j">KGT.0038954</subfield>
   <subfield code="j">KGT.0038955</subfield>
   <subfield code="j">KGT.0038956</subfield>
   <subfield code="j">KGT.0038958</subfield>
   <subfield code="j">KD.0014620</subfield>
   <subfield code="j">KGT.0038943</subfield>
   <subfield code="j">KGT.0038946</subfield>
   <subfield code="j">KGT.0038949</subfield>
   <subfield code="j">KGT.0038951</subfield>
   <subfield code="j">KGT.0038952</subfield>
   <subfield code="j">KGT.0038957</subfield>
   <subfield code="j">KGT.0038960</subfield>
   <subfield code="j">KGT.0038922</subfield>
   <subfield code="j">KGT.0038925</subfield>
   <subfield code="j">KGT.0038929</subfield>
   <subfield code="j">KGT.0038931</subfield>
   <subfield code="j">KGT.0038934</subfield>
   <subfield code="j">KGT.0038937</subfield>
   <subfield code="j">KGT.0038940</subfield>
  </datafield>
  <datafield tag="910" ind1=" " ind2=" ">
   <subfield code="d">07/06/2013</subfield>
  </datafield>
  <datafield tag="980" ind1="#" ind2="#">
   <subfield code="a">Trung tâm Học liệu Lê Vũ Hùng, Trường Đại học Đồng Tháp</subfield>
  </datafield>
 </record>
</collection>
